NBA players by items (Sorta Hard) - Statistics

General Stats
  • This quiz has been taken 43 times
    19 since last reset
  • The average score is 6 of 14
Answer Stats
Picture Answer % Correct
De'Aaron Fox
87%
Dell Curry
73%
Larry Bird
73%
Stephen Curry
73%
Pete Maravich
60%
Derrick Rose
47%
Dr J
47%
Charles Barkley
33%
Jason Kidd
20%
Jerry West
20%
Magic johnson
20%
Tim Duncan
20%
Pooh Richardson
13%
Andre miller
7%
No matching quizzes found
Score Distribution
Percent of People with Each Score
Percentile by Number Answered
Your Score History
You have not taken this quiz since the last reset